[Event "SVK-chT2A 1920"]
[Site "Slovakia"]
[Date "2020.03.08"]
[Round "11.3"]
[White "Liptak, Dusan"]
[Black "Petrik, Karol"]
[Result "1-0"]
[WhiteElo "2142"]
[BlackElo "2087"]
[PlyCount "75"]
[EventDate "2019.10.26"]
[EventType "team-tourn"]
[EventRounds "11"]
[EventCountry "SVK"]
[SourceTitle "CBM 195 Extra"]
[Source "ChessBase"]
[SourceDate "2020.05.31"]
[SourceVersion "1"]
[SourceVersionDate "2020.05.31"]
[SourceQuality "1"]
[WhiteTeam "Cifer"]
[BlackTeam "Bratislava Doprastav II"]
[WhiteTeamCountry "SVK"]
[BlackTeamCountry "SVK"]

1. d4 Nf6 2. c4 c5 3. d5 b5 4. cxb5 a6 5. e3 axb5 6. Bxb5 Qa5+ 7. Nc3 Ne4 8. Nge2 g6 9. 0-0 Nxc3 10. Nxc3 Bg7 11. a4 0-0 12. e4 Ba6 13. Ra3 Qb4 14. Rb3 Qa5 15. Bg5 c4 16. Ra3 Qb4 17. Bxa6 Nxa6 18. Qc2 Rab8 19. Rb1 Rfc8 20. a5 Rb7 21. Ra4 Qd6 22. Be3 Nb4 23. Qe2 Nd3 24. a6 Rb4 25. a7 Ra8 26. Qc2 e6 27. b3 cxb3 28. Rxb3 Rxb3 29. Qxb3 Nc5 30. Qb4 Bf8 31. Ra5 Qc7 32. Bxc5 Bxc5 33. Qxc5 Qxc5 34. Rxc5 Rxa7 35. g3 Kf8 36. Rc8+ Ke7 37. d6+ Kf6 38. Rc7 1-0

[Event "SVK-chT2A 1920"]
[Site "Slovakia"]
[Date "2020.03.07"]
[Round "10.3"]
[White "Petrik, Karol"]
[Black "Mydlarik, Martin"]
[Result "0-1"]
[WhiteElo "2087"]
[BlackElo "2089"]
[PlyCount "102"]
[EventDate "2019.10.26"]
[EventType "team-tourn"]
[EventRounds "11"]
[EventCountry "SVK"]
[SourceTitle "CBM 195 Extra"]
[Source "ChessBase"]
[SourceDate "2020.05.31"]
[SourceVersion "1"]
[SourceVersionDate "2020.05.31"]
[SourceQuality "1"]
[WhiteTeam "Bratislava Doprastav II"]
[BlackTeam "Modra II"]
[WhiteTeamCountry "SVK"]
[BlackTeamCountry "SVK"]

1. c4 e5 2. Nf3 Nc6 3. Nc3 g6 4. g3 Bg7 5. Bg2 Nge7 6. 0-0 0-0 7. d3 d6 8. Bd2 h6 9. Rb1 Be6 10. b4 Qd7 11. Qc1 Kh7 12. b5 Nd8 13. Rd1 f5 14. Qa3 e4 15. Ne1 exd3 16. exd3 g5 17. Nd5 Ng6 18. Bc3 Bxd5 19. cxd5 Ne5 20. b6 cxb6 21. Rxb6 Ndf7 22. Rb2 Rfc8 23. Bd4 g4 24. Rb4 Ng5 25. Rdb1 b6 26. Ra4 Qe7 27. Be3 Rc7 28. Rxb6 axb6 29. Rxa8 Nef3+ 30. Bxf3 gxf3 31. Ra4 f4 32. gxf4 Nh3+ 33. Kf1 Qd7 34. Nxf3 Qg4 35. Ne1 Qg1+ 36. Ke2 Bc3 37. Qc1 b5 38. Re4 b4 39. Nf3 Qg4 40. Qb1 Rf7 41. d4 Kg7 42. f5 Qxf5 43. Nh4 Qh5+ 44. Kd3 Qxd5 45. Qd1 Qb5+ 46. Kc2 Qa4+ 47. Kc1 Qa3+ 48. Kc2 Qxa2+ 49. Kd3 Qa6+ 50. Kc2 Qa4+ 51. Kc1 Qa1+ 0-1

[Event "SVK-chT1W 1920"]
[Site "Slovakia"]
[Date "2019.12.08"]
[Round "6.6"]
[White "Oprea, Erik"]
[Black "Petrik, Karol"]
[Result "0-1"]
[WhiteElo "2071"]
[BlackElo "2090"]
[PlyCount "88"]
[EventDate "2019.10.12"]
[EventType "team-tourn"]
[EventRounds "11"]
[EventCountry "SVK"]
[SourceTitle "CBM 193 Extra"]
[Source "ChessBase"]
[SourceDate "2020.01.31"]
[SourceVersion "1"]
[SourceVersionDate "2020.01.31"]
[SourceQuality "1"]
[WhiteTeam "Bratislava Slovan III"]
[BlackTeam "Bratislava Doprastav"]
[WhiteTeamCountry "SVK"]
[BlackTeamCountry "SVK"]

1. d4 Nf6 2. c4 g6 3. Nc3 Bg7 4. e4 c5 5. d5 0-0 6. Be3 d6 7. h3 a6 8. Bd3 e6 9. dxe6 Bxe6 10. Qd2 Nc6 11. Nge2 Ne5 12. b3 Qa5 13. Bc2 Rfd8 14. f4 Nc6 15. f5 Bc8 16. 0-0 Ne8 17. Rad1 Ne5 18. Bh6 b5 19. f6 Bxh6 20. Qxh6 Be6 21. cxb5 axb5 22. Rf4 b4 23. Na4 Rdc8 24. Rxd6 Qc7 25. Rd1 Rd8 26. Rdf1 Nd7 27. h4 Qe5 28. Qg5 Ra5 29. Qg3 Nf8 30. Qe3 Nd7 31. Kh1 Ndxf6 32. Ng3 Rd4 33. Qc1 h5 34. Qa1 c4 35. Qe1 c3 36. Bb1 Rd2 37. Qc1 Qd4 38. Bc2 Ng4 39. a3 Ne3 40. Kh2 Rxc2 41. Qe1 Rxg2+ 42. Kh1 Rxg3 43. Qxg3 Nxf1 44. Rxf1 Bxb3 0-1

[Event "SVK-chT1W 1920"]
[Site "Slovakia"]
[Date "2019.11.10"]
[Round "4.3"]
[White "Petrik, Karol"]
[Black "Borhy, Marcell Boldizsar"]
[Result "1-0"]
[WhiteElo "2090"]
[BlackElo "2228"]
[PlyCount "69"]
[EventDate "2019.10.12"]
[EventType "team-tourn"]
[EventRounds "11"]
[EventCountry "SVK"]
[SourceTitle "CBM 193 Extra"]
[Source "ChessBase"]
[SourceDate "2020.01.31"]
[SourceVersion "1"]
[SourceVersionDate "2020.01.31"]
[SourceQuality "1"]
[WhiteTeam "Bratislava Doprastav"]
[BlackTeam "Gabcikovo MSK"]
[WhiteTeamCountry "SVK"]
[BlackTeamCountry "SVK"]

1. c4 e5 2. Nf3 d6 3. g3 Nf6 4. Bg2 c6 5. d4 Nbd7 6. 0-0 e4 7. Ng5 d5 8. Nc3 Bb4 9. cxd5 cxd5 10. Qb3 Bxc3 11. bxc3 0-0 12. f3 h6 13. Nh3 exf3 14. exf3 Nb6 15. Re1 Bf5 16. g4 Bd7 17. Bf4 Rc8 18. Be5 Ba4 19. Qb2 Nfd7 20. Bg3 Qf6 21. Nf4 Qc6 22. Rac1 Bb5 23. h4 a5 24. g5 hxg5 25. hxg5 Na4 26. Qa3 Ndb6 27. Rc2 Rfe8 28. Qc1 Rxe1+ 29. Bxe1 Re8 30. Bf1 Bxf1 31. Kxf1 Qd7 32. Rh2 g6 33. Qc2 Kg7 34. Rh6 Qe7 35. Nh5+ 1-0

[Event "SVK-chT2A 1718"]
[Site "Slovakia"]
[Date "2018.03.18"]
[Round "11.5"]
[White "Petrik, Karol"]
[Black "Ocko, Martin"]
[Result "1/2-1/2"]
[WhiteElo "2098"]
[BlackElo "2007"]
[PlyCount "85"]
[EventDate "2017.10.28"]
[EventType "team-tourn"]
[EventRounds "11"]
[EventCountry "SVK"]
[SourceTitle "EXT 2020"]
[Source "ChessBase"]
[SourceDate "2019.10.17"]
[SourceVersion "1"]
[SourceVersionDate "2019.10.17"]
[SourceQuality "1"]
[WhiteTeam "Bratislava Doprastav"]
[BlackTeam "Osuske II"]
[WhiteTeamCountry "SVK"]
[BlackTeamCountry "SVK"]

1. e4 e5 2. Nf3 Nc6 3. d4 exd4 4. Bc4 Be7 5. c3 d5 6. exd5 Na5 7. cxd4 Nxc4 8. Qa4+ c6 9. Qxc4 Qxd5 10. Qxd5 cxd5 11. Nc3 Nf6 12. 0-0 0-0 13. Re1 Bb4 14. a3 Ba5 15. b4 Bd8 16. Bf4 Be6 17. Ne5 Bb6 18. Be3 Rac8 19. Na4 Ng4 20. Nc5 Bxc5 21. bxc5 b6 22. cxb6 axb6 23. Bd2 Nxe5 24. dxe5 Bf5 25. Rad1 Bc2 26. Rc1 Bf5 27. f3 Rxc1 28. Rxc1 Rc8 29. Rxc8+ Bxc8 30. Bb4 f6 31. exf6 gxf6 32. Be7 Kf7 33. Bd8 b5 34. Kf2 Bf5 35. Ke3 Bc2 36. Kd4 Ke6 37. g4 Bd1 38. Ke3 f5 39. h3 d4+ 40. Kf4 fxg4 41. hxg4 Kd5 42. Ba5 Be2 43. g5 1/2-1/2

[Event "SVK-chT2A 1718"]
[Site "Slovakia"]
[Date "2018.01.13"]
[Round "5.6"]
[White "Henc, Marian"]
[Black "Petrik, Karol"]
[Result "0-1"]
[WhiteElo "1929"]
[BlackElo "2102"]
[PlyCount "42"]
[EventDate "2017.10.28"]
[EventType "team-tourn"]
[EventRounds "11"]
[EventCountry "SVK"]
[SourceTitle "EXT 2019"]
[Source "ChessBase"]
[SourceDate "2018.10.10"]
[SourceVersion "1"]
[SourceVersionDate "2018.10.10"]
[SourceQuality "1"]
[WhiteTeam "Bratislava Doprastav II"]
[BlackTeam "Bratislava Doprastav"]
[WhiteTeamCountry "SVK"]
[BlackTeamCountry "SVK"]

1. c4 g6 2. g3 Bg7 3. Bg2 Nf6 4. Nc3 0-0 5. d4 c5 6. d5 d6 7. Nf3 a6 8. 0-0 Nbd7 9. Rb1 b5 10. cxb5 axb5 11. Nxb5 Rxa2 12. Nc3 Ra8 13. e4 Ba6 14. Re1 Ng4 15. h3 Nge5 16. Nxe5 Nxe5 17. f4 Nd3 18. e5 Nxe1 19. Qxe1 Bd3 20. Bd2 Bxb1 21. Qxb1 dxe5 0-1

[Event "SVK-chT2A 1718"]
[Site "Slovakia"]
[Date "2017.11.26"]
[Round "4.7"]
[White "Petrik, Karol"]
[Black "Lesny, Stefan"]
[Result "1-0"]
[WhiteElo "2102"]
[BlackElo "2041"]
[PlyCount "93"]
[EventDate "2017.10.28"]
[EventType "team-tourn"]
[EventRounds "11"]
[EventCountry "SVK"]
[SourceTitle "EXT 2019"]
[Source "ChessBase"]
[SourceDate "2018.10.10"]
[SourceVersion "1"]
[SourceVersionDate "2018.10.10"]
[SourceQuality "1"]
[WhiteTeam "Bratislava Doprastav"]
[BlackTeam "Senec"]
[WhiteTeamCountry "SVK"]
[BlackTeamCountry "SVK"]

1. c4 e5 2. Nf3 Nc6 3. Nc3 Nf6 4. d4 exd4 5. Nxd4 Bc5 6. Nb3 Be7 7. e4 d6 8. Be2 0-0 9. 0-0 Re8 10. Be3 Bf8 11. f3 h6 12. Rc1 Ne5 13. Qd2 Be6 14. Nd5 c6 15. Nf4 Qc7 16. Rfd1 Rad8 17. Nxe6 fxe6 18. Qc3 c5 19. Kh1 Nc6 20. Qe1 e5 21. Nd2 Qf7 22. Nb1 Nh5 23. Nc3 Nd4 24. Nd5 Nf6 25. Bd3 g5 26. Qg3 Bg7 27. Rf1 Nh5 28. Qg4 Nf4 29. Bxf4 exf4 30. g3 fxg3 31. hxg3 Qe6 32. Qh5 Qf7 33. Qxf7+ Kxf7 34. f4 gxf4 35. gxf4 Kg8 36. Rcd1 Rd7 37. Rd2 Rf8 38. Rg2 Rdf7 39. Rg6 Rd8 40. Rfg1 Kh8 41. R1g3 Nc6 42. f5 Ne5 43. Re6 Kh7 44. Be2 b6 45. Bh5 Rb7 46. f6 Bf8 47. Re7+ 1-0

[Event "SVK-chT1W 1516"]
[Site "Slovakia"]
[Date "2016.02.20"]
[Round "8.8"]
[White "Petrik, Karol"]
[Black "Bombek, Peter"]
[Result "0-1"]
[WhiteElo "2056"]
[BlackElo "2157"]
[PlyCount "112"]
[EventDate "2015.10.24"]
[EventType "team-tourn"]
[EventRounds "11"]
[EventCountry "SVK"]
[SourceTitle "EXT 2017"]
[Source "ChessBase"]
[SourceDate "2016.10.25"]
[SourceVersion "1"]
[SourceVersionDate "2016.10.25"]
[SourceQuality "1"]
[WhiteTeam "Bratislava Doprastav"]
[BlackTeam "Dubnica nad Vahom"]
[WhiteTeamCountry "SVK"]
[BlackTeamCountry "SVK"]

1. c4 e6 2. Nf3 d5 3. b3 Nf6 4. Bb2 c5 5. g3 Nc6 6. Bg2 Be7 7. 0-0 0-0 8. d3 b6 9. Nbd2 Bb7 10. e3 dxc4 11. dxc4 Qd3 12. Ne1 Qd7 13. Qe2 Rad8 14. Ne4 Nxe4 15. Bxe4 f5 16. Bg2 Qd2 17. Qxd2 Rxd2 18. Bc3 Rd7 19. Nf3 Rfd8 20. Rac1 Bf6 21. h3 Kf7 22. g4 Bxc3 23. Rxc3 Kf6 24. Kh2 g5 25. Kg3 Rd3 26. Rxd3 Rxd3 27. Kh2 Nb4 28. Ra1 Bxf3 29. Bxf3 Rd2 30. gxf5 exf5 31. Kg3 Nxa2 32. Bb7 a5 33. h4 gxh4+ 34. Kxh4 Rxf2 35. Kg3 Rb2 36. Rh1 Rxb3 37. Kf4 Nc3 38. Rh6+ Kg7 39. Rh3 Rb1 40. Kxf5 Rf1+ 41. Ke5 a4 42. Be4 h6 43. Rg3+ Kf8 44. Bd5 Nxd5 45. Kxd5 a3 46. Rg2 Rb1 47. e4 Rb2 48. Rg3 a2 49. Ra3 Ke7 50. Ra7+ Kf6 51. e5+ Kf5 52. Rf7+ Kg6 53. Ra7 h5 54. Ra8 h4 55. Kd6 h3 56. e6 Rd2+ 0-1

[Event "SVK-chT2A 1516"]
[Site "Slovakia"]
[Date "2016.01.24"]
[Round "7.6"]
[White "Povysil, Peter"]
[Black "Petrik, Karol"]
[Result "0-1"]
[WhiteElo "1993"]
[BlackElo "2073"]
[PlyCount "88"]
[EventDate "2015.10.17"]
[EventType "team-tourn"]
[EventRounds "11"]
[EventCountry "SVK"]
[SourceTitle "CBM 170 Extra"]
[Source "ChessBase"]
[SourceDate "2016.02.25"]
[SourceVersion "1"]
[SourceVersionDate "2016.02.25"]
[SourceQuality "1"]
[WhiteTeam "Krasnany"]
[BlackTeam "Bratislava Doprastav II"]
[WhiteTeamCountry "SVK"]
[BlackTeamCountry "SVK"]

1. Nf3 c5 2. e3 Nf6 3. d4 g6 4. Be2 Bg7 5. 0-0 0-0 6. c4 d6 7. Nc3 Nc6 8. d5 Na5 9. Re1 a6 10. e4 Bd7 11. Rb1 Rb8 12. a4 Ne8 13. Qc2 Qb6 14. b3 Qd8 15. Bd2 Nc7 16. e5 Ne8 17. Bf4 Bg4 18. h3 Bxf3 19. Bxf3 dxe5 20. Bxe5 Bxe5 21. Rxe5 Nd6 22. Rbe1 Re8 23. Ne4 b5 24. cxb5 axb5 25. Qxc5 Nxb3 26. Qb4 bxa4 27. Qxa4 Nxe4 28. Qxe4 Nd2 29. Qf4 Nxf3+ 30. gxf3 Rb6 31. Kh1 Qd7 32. Qh6 Rf6 33. Rg1 Rf5 34. Rg5 Rxg5 35. Rxg5 Rb8 36. Kg2 Rb5 37. Rg4 Qf5 38. h4 Rxd5 39. Rg5 Qe6 40. h5 Rxg5+ 41. Qxg5 f6 42. Qg3 Qf5 43. Qb8+ Kg7 44. hxg6 Qxg6+ 0-1

[Event "SVK-chT1W 1516"]
[Site "Slovakia"]
[Date "2015.11.15"]
[Round "4.7"]
[White "Petrik, Karol"]
[Black "Gunis, Juraj"]
[Result "1/2-1/2"]
[WhiteElo "2056"]
[BlackElo "2053"]
[PlyCount "128"]
[EventDate "2015.10.24"]
[EventType "team-tourn"]
[EventRounds "11"]
[EventCountry "SVK"]
[SourceTitle "CBM 170 Extra"]
[Source "ChessBase"]
[SourceDate "2016.02.25"]
[SourceVersion "1"]
[SourceVersionDate "2016.02.25"]
[SourceQuality "1"]
[WhiteTeam "Bratislava Doprastav"]
[BlackTeam "Prievidza"]
[WhiteTeamCountry "SVK"]
[BlackTeamCountry "SVK"]

1. e4 c5 2. Ne2 d6 3. g3 g6 4. Bg2 Bg7 5. c3 Nf6 6. 0-0 0-0 7. d4 Nbd7 8. h3 Rb8 9. a4 b6 10. Na3 Bb7 11. d5 a6 12. c4 Ne8 13. Nc2 e5 14. dxe6 fxe6 15. Nc3 Ne5 16. Qe2 Nc6 17. Be3 Nd4 18. Qd1 e5 19. Nd5 Bc6 20. Ra3 Qd7 21. b3 b5 22. axb5 axb5 23. Nxd4 cxd4 24. Bg5 Nf6 25. Qd2 bxc4 26. bxc4 Qb7 27. Rfa1 Bxd5 28. cxd5 Qb2 29. Ra6 Qxd2 30. Bxd2 Ne8 31. Bf1 Rb2 32. R6a2 Rxa2 33. Rxa2 Nf6 34. Bg2 Rb8 35. g4 Nd7 36. g5 Nc5 37. Bf3 Bf8 38. Kg2 Kf7 39. Ra7+ Rb7 40. Rxb7+ Nxb7 41. Be2 Nc5 42. f3 Be7 43. h4 Bd8 44. Bc4 Ke7 45. Kf2 Nb7 46. f4 Ba5 47. Bc1 Nc5 48. fxe5 dxe5 49. Ba3 Kd6 50. Ke2 Bb6 51. Bb4 Kd7 52. Kf3 Nb7 53. Bb5+ Kd8 54. Bf8 Bc5 55. Bg7 Bd6 56. Bf6+ Kc7 57. Ke2 Nc5 58. Bd3 Kb6 59. Kd2 Nxd3 60. Kxd3 Kb5 61. Bd8 Kb4 62. Bb6 Kb5 63. Bd8 Kb4 64. Bf6 Kb5 1/2-1/2

[Event "SVK-chT2A 1516"]
[Site "Slovakia"]
[Date "2015.10.17"]
[Round "1.5"]
[White "Petrik, Karol"]
[Black "Macko, Miroslav"]
[Result "1-0"]
[WhiteElo "2073"]
[BlackElo "2123"]
[PlyCount "77"]
[EventDate "2015.10.17"]
[EventType "team-tourn"]
[EventRounds "11"]
[EventCountry "SVK"]
[SourceTitle "CBM 169 Extra"]
[Source "ChessBase"]
[SourceDate "2015.12.18"]
[SourceVersion "1"]
[SourceVersionDate "2015.12.18"]
[SourceQuality "1"]
[WhiteTeam "Bratislava Doprastav II"]
[BlackTeam "Bratislava KSN"]
[WhiteTeamCountry "SVK"]
[BlackTeamCountry "SVK"]

1. e4 e5 2. g3 Nc6 3. Bg2 Bc5 4. c3 d6 5. Qe2 Bb6 6. d3 Nge7 7. Nd2 0-0 8. Nc4 f5 9. Nxb6 axb6 10. Nf3 fxe4 11. dxe4 Qe8 12. Nd2 Qf7 13. a3 b5 14. b4 d5 15. exd5 Nxd5 16. Bb2 Bg4 17. f3 Rae8 18. fxg4 Nd4 19. cxd4 exd4 20. Be4 Nc3 21. Bxc3 dxc3 22. Qe3 cxd2+ 23. Kxd2 Qc4 24. Rhe1 Rd8+ 25. Bd3 Kh8 26. Rac1 Qa2+ 27. Rc2 Qxa3 28. Qe4 g6 29. Rxc7 Qb2+ 30. Rc2 Qa3 31. Qe5+ Kg8 32. Qc3 Qa6 33. Re7 Rf2+ 34. Ke1 Rf6 35. Rf2 Re6+ 36. Re2 Rf6 37. g5 Rf7 38. Rxf7 Kxf7 39. Qc7+ 1-0

[Event "SVK-chT 1415"]
[Site "Slovakia"]
[Date "2015.02.22"]
[Round "8.2"]
[White "Hacik, Radomir"]
[Black "Petrik, Karol"]
[Result "1-0"]
[WhiteElo "2143"]
[BlackElo "2072"]
[PlyCount "75"]
[EventDate "2014.10.25"]
[EventType "team-tourn"]
[EventRounds "11"]
[EventCountry "SVK"]
[SourceTitle "EXT 2016"]
[Source "ChessBase"]
[SourceDate "2015.10.08"]
[SourceVersion "1"]
[SourceVersionDate "2015.10.08"]
[SourceQuality "1"]
[WhiteTeam "Bratislava Slovan II"]
[BlackTeam "Bratislava Doprastav"]
[WhiteTeamCountry "SVK"]
[BlackTeamCountry "SVK"]

1. e4 c6 2. d4 g6 3. Nf3 Bg7 4. Nc3 d5 5. h3 Nh6 6. Bf4 dxe4 7. Nxe4 Nf5 8. c3 0-0 9. Bd3 a5 10. Qd2 b6 11. 0-0 Bb7 12. Rad1 Na6 13. Qc2 Nc7 14. Rfe1 Nd5 15. Bh2 Nd6 16. Ne5 Nxe4 17. Bxe4 f6 18. Nd3 Bh6 19. a3 Rf7 20. Re2 Qd7 21. Rde1 Re8 22. Bf3 Bc8 23. c4 Nc7 24. d5 cxd5 25. Bxc7 Qxc7 26. Bxd5 e6 27. Bxe6 Bxe6 28. Rxe6 Rxe6 29. Rxe6 Bf8 30. b4 axb4 31. axb4 Qa7 32. c5 bxc5 33. bxc5 Kg7 34. Qc3 Qd7 35. Rb6 Qd5 36. Nf4 Qf5 37. Ne6+ Kg8 38. Qc4 1-0

[Event "SVK-chT2A 1415"]
[Site "Slovakia"]
[Date "2014.11.09"]
[Round "4.4"]
[White "Petrik, Karol"]
[Black "Mandak, Miroslav"]
[Result "1/2-1/2"]
[WhiteElo "2072"]
[BlackElo "2003"]
[PlyCount "39"]
[EventDate "2014.10.11"]
[EventType "team-tourn"]
[EventRounds "11"]
[EventCountry "SVK"]
[SourceTitle "EXT 2016"]
[Source "ChessBase"]
[SourceDate "2015.10.08"]
[SourceVersion "1"]
[SourceVersionDate "2015.10.08"]
[SourceQuality "1"]
[WhiteTeam "Bratislava Doprastav II"]
[BlackTeam "Bratislava Krasnany"]
[WhiteTeamCountry "SVK"]
[BlackTeamCountry "SVK"]

1. e4 e5 2. g3 Nf6 3. Bg2 Nc6 4. Ne2 d5 5. exd5 Nxd5 6. 0-0 Be6 7. d3 Be7 8. Nd2 0-0 9. Re1 Bg4 10. h3 Bh5 11. Nf3 f5 12. c3 Kh8 13. Qb3 Nb6 14. d4 Bf7 15. Qc2 e4 16. Nh2 Nd5 17. Nf4 Bd6 18. Nxd5 Bxd5 19. Nf1 Qd7 20. Be3 1/2-1/2

[Event "SVK-chT2A 1415"]
[Site "Slovakia"]
[Date "2014.11.08"]
[Round "3.4"]
[White "Hartl, Jan"]
[Black "Petrik, Karol"]
[Result "1/2-1/2"]
[WhiteElo "2082"]
[BlackElo "2072"]
[PlyCount "31"]
[EventDate "2014.10.11"]
[EventType "team-tourn"]
[EventRounds "11"]
[EventCountry "SVK"]
[SourceTitle "EXT 2016"]
[Source "ChessBase"]
[SourceDate "2015.10.08"]
[SourceVersion "1"]
[SourceVersionDate "2015.10.08"]
[SourceQuality "1"]
[WhiteTeam "Pezinok"]
[BlackTeam "Bratislava Doprastav II"]
[WhiteTeamCountry "SVK"]
[BlackTeamCountry "SVK"]

1. e4 Nc6 2. d4 e6 3. d5 Ne5 4. c4 d6 5. Nc3 Nf6 6. f4 Ng6 7. Nf3 Be7 8. Bd3 0-0 9. 0-0 c6 10. Kh1 exd5 11. cxd5 cxd5 12. exd5 Nd7 13. Nd4 Bf6 14. Be3 Nc5 15. Bc2 Bd7 16. Qh5 1/2-1/2

[Event "SVK-chT 1314"]
[Site "Slovakia"]
[Date "2014.03.30"]
[Round "11.2"]
[White "Petrik, Karol"]
[Black "Adamko, Peter"]
[Result "1-0"]
[WhiteElo "2107"]
[BlackElo "2149"]
[PlyCount "133"]
[EventDate "2013.11.09"]
[EventType "team-tourn"]
[EventRounds "11"]
[EventCountry "SVK"]
[SourceTitle "EXT 2015"]
[Source "ChessBase"]
[SourceDate "2014.11.20"]
[SourceVersion "1"]
[SourceVersionDate "2014.11.20"]
[SourceQuality "1"]
[WhiteTeam "Bratislava Doprastav"]
[BlackTeam "Cadca"]
[WhiteTeamCountry "SVK"]
[BlackTeamCountry "SVK"]

1. e4 c5 2. g3 e6 3. Bg2 Nc6 4. Ne2 Nf6 5. 0-0 Be7 6. Nbc3 0-0 7. h3 a6 8. a4 Qb6 9. b3 d6 10. d3 h6 11. Be3 e5 12. f4 Nd4 13. Kh2 Bd7 14. Rf2 Bc6 15. a5 Qc7 16. Qd2 Nh7 17. Na4 Rad8 18. Nb6 Nxe2 19. Qxe2 exf4 20. Bxf4 Bf6 21. Raf1 Be5 22. Bxe5 dxe5 23. Qe3 Qd6 24. h4 Qd4 25. Qd2 f6 26. Nc4 Be8 27. Bh3 Bf7 28. Ne3 Qd6 29. Nf5 Qc7 30. Qc3 Rfe8 31. Ne3 Rd4 32. Rb1 Rb4 33. Ra1 Nf8 34. Qd2 Kh7 35. Bf5+ Kh8 36. Bg4 Qd8 37. Bd1 Rd4 38. Nf5 Rd7 39. Qc3 Ne6 40. Bg4 Rc7 41. Qd2 Nf8 42. Raf1 Rc6 43. Ne3 Nh7 44. Qe2 Qxa5 45. Bd7 Qc7 46. Bxe8 Bxe8 47. Rb1 Bf7 48. b4 cxb4 49. Rxb4 a5 50. Rb1 Nf8 51. c4 Nd7 52. Rb5 Nc5 53. Rf1 Ra6 54. Rfb1 Be6 55. Nd5 Bxd5 56. cxd5 a4 57. Qc2 b6 58. Qc4 a3 59. Ra1 Qd6 60. Qc3 Kh7 61. Qb4 a2 62. Qc4 Ra4 63. Qc2 Rd4 64. Rxa2 Nxd3 65. Qc6 Qxc6 66. dxc6 Nb4 67. c7 1-0

[Event "SVK-chT 1314"]
[Site "Slovakia"]
[Date "2014.03.29"]
[Round "10.2"]
[White "Magat, Jozef"]
[Black "Petrik, Karol"]
[Result "1/2-1/2"]
[WhiteElo "2102"]
[BlackElo "2107"]
[PlyCount "55"]
[EventDate "2013.11.09"]
[EventType "team-tourn"]
[EventRounds "11"]
[EventCountry "SVK"]
[SourceTitle "EXT 2015"]
[Source "ChessBase"]
[SourceDate "2014.11.20"]
[SourceVersion "1"]
[SourceVersionDate "2014.11.20"]
[SourceQuality "1"]
[WhiteTeam "Dunajov"]
[BlackTeam "Bratislava Doprastav"]
[WhiteTeamCountry "SVK"]
[BlackTeamCountry "SVK"]

1. d4 Nf6 2. Nf3 g6 3. c4 Bg7 4. Nc3 0-0 5. e4 d6 6. Be2 Bg4 7. 0-0 Nc6 8. Be3 Nd7 9. Qd2 Bxf3 10. Bxf3 e5 11. d5 Nd4 12. Bxd4 exd4 13. Nb5 Ne5 14. Be2 c5 15. dxc6 Nxc6 16. Rad1 Qe7 17. Bd3 Rac8 18. b3 Rfe8 19. Rfe1 Qe5 20. Na3 Re7 21. Nc2 Rce8 22. b4 Nd8 23. b5 Ne6 24. Nb4 Nc7 25. h3 Qc5 26. Nd5 Nxd5 27. exd5 Qa3 28. Kf1 1/2-1/2

[Event "SVK-chT2A 1314"]
[Site "Slovakia"]
[Date "2014.02.01"]
[Round "7.3"]
[White "Petrik, Karol"]
[Black "Takacs, Laszlo"]
[Result "1/2-1/2"]
[WhiteElo "2107"]
[BlackElo "2130"]
[PlyCount "70"]
[EventDate "2013.10.19"]
[EventType "team-tourn"]
[EventRounds "11"]
[EventCountry "SVK"]
[SourceTitle "EXT 2015"]
[Source "ChessBase"]
[SourceDate "2014.11.20"]
[SourceVersion "1"]
[SourceVersionDate "2014.11.20"]
[SourceQuality "1"]
[WhiteTeam "Bratislava Doprastav III"]
[BlackTeam "Dunajska Streda II"]
[WhiteTeamCountry "SVK"]
[BlackTeamCountry "SVK"]

1. e4 c5 2. Nf3 e6 3. c4 Nc6 4. g3 Nf6 5. d3 Be7 6. Bg2 d5 7. Qe2 0-0 8. 0-0 h6 9. b3 dxe4 10. dxe4 Nxe4 11. Rd1 Qb6 12. Bb2 Bf6 13. Bxf6 Nxf6 14. Nc3 Qc7 15. Nb5 Qe7 16. Ne5 Nxe5 17. Qxe5 a6 18. Nd6 Qc7 19. f4 Rb8 20. Rd2 Ne8 21. Ne4 b6 22. Rad1 Qxe5 23. fxe5 f6 24. Nd6 Nxd6 25. Rxd6 fxe5 26. Re1 b5 27. cxb5 axb5 28. Rxe5 c4 29. Rc5 cxb3 30. axb3 Bb7 31. Bh3 Bd5 32. Bxe6+ Bxe6 33. Rxe6 Rf3 34. Re7 Rxb3 35. Rcc7 Rb2 1/2-1/2

[Event "SVK-chT2A 1314"]
[Site "Slovakia"]
[Date "2014.01.12"]
[Round "6.4"]
[White "Petrik, Karol"]
[Black "Farkas, Gabor"]
[Result "0-1"]
[WhiteElo "2107"]
[BlackElo "2307"]
[PlyCount "120"]
[EventDate "2013.10.19"]
[EventType "team-tourn"]
[EventRounds "11"]
[EventCountry "SVK"]
[SourceTitle "EXT 2015"]
[Source "ChessBase"]
[SourceDate "2014.11.20"]
[SourceVersion "1"]
[SourceVersionDate "2014.11.20"]
[SourceQuality "1"]
[WhiteTeam "Bratislava Doprastav III"]
[BlackTeam "Gabcikovo"]
[WhiteTeamCountry "SVK"]
[BlackTeamCountry "SVK"]

1. e4 e6 2. d4 d5 3. exd5 Qxd5 4. Nf3 Nf6 5. Be2 Be7 6. 0-0 0-0 7. c4 Qd8 8. Qc2 b6 9. Rd1 Bb7 10. Nc3 Nbd7 11. Bf4 Bb4 12. Nb5 Ne8 13. a3 Bd6 14. Be3 a6 15. Nc3 Qe7 16. b4 c5 17. dxc5 bxc5 18. Ne4 Bxe4 19. Qxe4 Rb8 20. b5 f5 21. Qd3 f4 22. Bc1 e5 23. Nd2 Ndf6 24. Bf3 Bc7 25. bxa6 Rd8 26. Qc2 Nd6 27. Bb2 Bb8 28. Re1 Nf7 29. Ne4 Qa7 30. Qa4 Nxe4 31. Bxe4 Rd6 32. Qc2 Qxa6 33. Bxh7+ Kh8 34. Be4 Rh6 35. Bd5 f3 36. Bxf3 e4 37. Rxe4 Bxh2+ 38. Kf1 Bd6 39. Qc3 Rg8 40. g3 Qc8 41. Qe3 Rh2 42. Bg4 Qb7 43. Kg1 Qxb2 44. Kxh2 Qxa1 45. Be6 Qf6 46. Bxf7 Rf8 47. Bd5 Qxf2+ 48. Qxf2 Rxf2+ 49. Kg1 Rf6 50. Rh4+ Rh6 51. Rg4 Be5 52. Kg2 Kh7 53. Re4 Bd4 54. Be6 Kg6 55. a4 Rh8 56. Bd5 Rb8 57. a5 Rb2+ 58. Kf3 Ra2 59. Be6 Kg5 60. a6 Rf2# 0-1